000 00220nam a22000977a 4500
999 _c15792
_d15792
003 OSt
008 191021b ||||| |||| 00| 0 eng d
100 _aKesava ,Menon K P.
_94314
245 _aJeevitha chinthakal
942 _cBK